Lógica y enseñanza de la matemática

Saved in:
Bibliographic Details
Main Authors: Gauthier, René (Author), Gouret, A (Author)
Format: Book
Language:Spanish
Published: Barcelona Teideusz 1972
Series:Monografías E. Galion, 1
Subjects:
Tags: Add Tag
No Tags, Be the first to tag this record!

MARC

LEADER 00000nam a2200000 a 4500
001 UCY8590
003 CL-VaPUC
005 20240819115752.0
008 950703e19720000SP |||||||||||||||||spa|d
999 |c 235821  |d 235819 
040 |c Pontificia Universidad Católica de Valparaíso 
082 0 4 |a 372.7  |b GAU  |2 21 
100 |a Gauthier, René  |e author  |9 425576 
245 1 0 |a Lógica y enseñanza de la matemática 
260 |a Barcelona  |b Teideusz  |c 1972 
300 |a 124 p 
490 0 |a Monografías E. Galion, 1 
583 |a last modification  |c 19950703 00:00:00  |k Rodrigo Vera 
650 0 |a Matemática  |9 260235 
650 0 |a Métodos de enseñanza  |9 270413 
650 0 |a Lógica matemática   |9 262442 
700 0 |a Gouret, A  |e author  |9 340095 
852 |a BIBCUR 
942 |c BK  |2 ddc 
945 |d 19950703 00:00:00  |a cmena 
952 |0 0  |1 0  |4 0  |6 372_700000000000000_GAU_1972  |7 0  |8 P  |9 243473  |a BIBEDU  |b BIBEDU  |c BIBEDU_PB  |d 2019-11-18  |i 1526189  |o 372.7 GAU 1972  |p 1526189  |r 2024-01-25  |w 2019-11-18  |y BK  |k EDU